Hangman 1 Quiz Stats

 Plays Quiz not verified by Sporcle

Challenge
Share
Tweet
Embed
Score 0/5 Timer 00:30
0 Plays Today
Hint Answer % Correct
Letter 2???
85.7%
Letter 3???
76.2%
Letter 1???
38.1%
Letter 4???
38.1%
Letter 5???
38.1%

You're not logged in!

Compare scores with friends on all Sporcle quizzes.
Join for Free
OR
Log In

You Might Also Like...

Show Comments

Extras

Created Apr 27, 2017ReportNominate
Tags:Letter Quiz, hangman

Top Quizzes Today


Score Distribution

Your Account Isn't Verified!

In order to create a playlist on Sporcle, you need to verify the email address you used during registration. Go to your Sporcle Settings to finish the process.

Report this User

Report this user for behavior that violates our Community Guidelines.

Details: